Trouve la fête de BTS - Statistiques

Statistiques générales
  • Ce quiz a été pris 1 829 fois
  • Le résultat moyen est 5 sur 7
Statistiques - réponses
Hint Réponse % Correct
1 septembre Jungkook
86%
30 décembre V
85%
13 octobre Jimin
83%
18 février J-Hope
76%
9 mars Suga
71%
12 septembre RM
69%
4 décembre Jin
68%
Aucun quiz correspondant
Distribution des résultats
% des personnes avec chaque résultat
Percentile par nombre de réponses
Votre historique - résultats
Vous n’avez pas pris ce quiz